MARC-detaljer
| 000 -LEADER |
| fixed length control field |
08075cim a22018377a 4500 |
| 001 - CONTROL NUMBER |
| control field |
14732224 |
| 003 - CONTROL NUMBER IDENTIFIER |
| control field |
LIBRIS |
| 005 - DATE AND TIME OF LATEST TRANSACTION |
| control field |
20210805132736.0 |
| 007 - PHYSICAL DESCRIPTION FIXED FIELD--GENERAL INFORMATION |
| fixed length control field |
sd |||||||m||| |
| 008 - FIXED-LENGTH DATA ELEMENTS--GENERAL INFORMATION |
| fixed length control field |
131010s2013 sw | ||g|||||||f | swe|c |
| 020 ## - INTERNATIONAL STANDARD BOOK NUMBER |
| International Standard Book Number |
9789186719869 |
| Qualifying information |
CD-skiva |
| 035 ## - SYSTEM CONTROL NUMBER |
| System control number |
(BOKR)9789186719869 |
| 035 ## - SYSTEM CONTROL NUMBER |
| System control number |
(Bo)525537 |
| 040 ## - CATALOGING SOURCE |
| Original cataloging agency |
BOKR |
| Modifying agency |
Tkb |
| -- |
Gbg |
| Description conventions |
a |
| 041 1# - LANGUAGE CODE |
| Language code of text/sound track or separate title |
swe |
| Language code of original |
eng |
| 082 04 - DEWEY DECIMAL CLASSIFICATION NUMBER |
| Classification number |
823 |
| Edition number |
22 (machine generated) |
| 084 ## - OTHER CLASSIFICATION NUMBER |
| Classification number |
Hcee.016/LC |
| Number source |
kssb/8 |
| 084 ## - OTHER CLASSIFICATION NUMBER |
| Classification number |
Hcee.016 |
| Number source |
kssb/8 |
| 100 1# - MAIN ENTRY--PERSONAL NAME |
| Personal name |
Munro, Alice, |
| Dates associated with a name |
1931- |
| Authority record control number or standard number |
https://libris.kb.se/31fjm6nm5149w5b#it |
| 240 10 - UNIFORM TITLE |
| Uniform title |
Dear Life. |
| Language of a work |
Svenska |
| 245 10 - TITLE STATEMENT |
| Title |
Brinnande livet |
| Medium |
[Ljudupptagning] / |
| Statement of responsibility, etc. |
Alice Munro ; översättning: Rose-Marie Nielsen. |
| 264 #1 - PRODUCTION, PUBLICATION, DISTRIBUTION, MANUFACTURE, AND COPYRIGHT NOTICE |
| Place of production, publication, distribution, manufacture |
Stockholm : |
| Name of producer, publisher, distributor, manufacturer |
A Nice Noise, |
| Date of production, publication, distribution, manufacture, or copyright notice |
cop. 2013 |
| 300 ## - PHYSICAL DESCRIPTION |
| Extent |
8 CD (ca 10 tim.) |
| 500 ## - GENERAL NOTE |
| General note |
Ljudbok CD |
| 655 #7 - INDEX TERM--GENRE/FORM |
| Genre/form data or focus term |
Skönlitteratur |
| Authority record control number or standard number |
https://id.kb.se/term/saogf/Sk%C3%B6nlitteratur |
| Source of term |
saogf |
| 655 #7 - INDEX TERM--GENRE/FORM |
| Genre/form data or focus term |
Ljudböcker |
| Authority record control number or standard number |
https://id.kb.se/term/saogf/Ljudb%C3%B6cker |
| Source of term |
saogf |
| 655 #7 - INDEX TERM--GENRE/FORM |
| Genre/form data or focus term |
Noveller |
| Authority record control number or standard number |
https://id.kb.se/term/saogf/Noveller |
| Source of term |
saogf |
| 700 1# - ADDED ENTRY--PERSONAL NAME |
| Personal name |
Ewerlöf, Katarina |
| Relationship |
nrt |
| 700 1# - ADDED ENTRY--PERSONAL NAME |
| Personal name |
Nielsen, Rose-Marie, |
| Dates associated with a name |
1940- |
| Relationship |
trl |
| Authority record control number or standard number |
https://libris.kb.se/1zcgnrfk0dx5cn3#it |
| 887 ## - NON-MARC INFORMATION FIELD |
| Content of non-MARC field |
{"@id":"sb48zr843tkrsrx","modified":"2015-10-19T16:59:45+02:00","checksum":"202860480108"} |
| Source of data |
librisxl |
| 887 ## - NON-MARC INFORMATION FIELD |
| Content of non-MARC field |
{"@id":"x28t8bz31pz9pj7","modified":"2013-11-25T11:12:13+01:00","checksum":"183779107221"} |
| Source of data |
librisxl |
| 887 ## - NON-MARC INFORMATION FIELD |
| Content of non-MARC field |
{"@id":"bgn9rv3h2mlbmxh","modified":"2014-04-01T12:25:17+02:00","checksum":"200060168556"} |
| Source of data |
librisxl |
| 887 ## - NON-MARC INFORMATION FIELD |
| Content of non-MARC field |
{"@id":"kpwfp9bq4bs2sbq","modified":"2013-10-30T18:10:18+01:00","checksum":"206101655754"} |
| Source of data |
librisxl |
| 887 ## - NON-MARC INFORMATION FIELD |
| Content of non-MARC field |
{"@id":"w17s7bk237m7vx2","modified":"2013-11-25T12:08:09+01:00","checksum":"191865271192"} |
| Source of data |
librisxl |
| 887 ## - NON-MARC INFORMATION FIELD |
| Content of non-MARC field |
{"@id":"djq8j30k4gq3kgz","modified":"2013-10-30T17:01:17+01:00","checksum":"182134619215"} |
| Source of data |
librisxl |
| 887 ## - NON-MARC INFORMATION FIELD |
| Content of non-MARC field |
{"@id":"37f1vw783hjp5ws","modified":"2014-03-06T10:42:07+01:00","checksum":"225459563414"} |
| Source of data |
librisxl |
| 887 ## - NON-MARC INFORMATION FIELD |
| Content of non-MARC field |
{"@id":"w17s7pj25sp6t7g","modified":"2013-11-27T11:22:11+01:00","checksum":"178096630357"} |
| Source of data |
librisxl |
| 887 ## - NON-MARC INFORMATION FIELD |
| Content of non-MARC field |
{"@id":"48g15gg942t17zj","modified":"2014-01-22T15:15:07+01:00","checksum":"216385069108"} |
| Source of data |
librisxl |
| 887 ## - NON-MARC INFORMATION FIELD |
| Content of non-MARC field |
{"@id":"9fm6m3xg098k1zg","modified":"2014-01-15T11:13:50+01:00","checksum":"203250773986"} |
| Source of data |
librisxl |
| 887 ## - NON-MARC INFORMATION FIELD |
| Content of non-MARC field |
{"@id":"04c5q6v539bvhk9","modified":"2015-10-19T16:59:46+02:00","checksum":"195286551740"} |
| Source of data |
librisxl |
| 887 ## - NON-MARC INFORMATION FIELD |
| Content of non-MARC field |
{"@id":"6bj2764c00rsc1q","modified":"2014-01-20T08:03:45+01:00","checksum":"211792854163"} |
| Source of data |
librisxl |
| 887 ## - NON-MARC INFORMATION FIELD |
| Content of non-MARC field |
{"@id":"tz6d054003x4qls","modified":"2017-03-10T16:10:51+01:00","checksum":"183035068318"} |
| Source of data |
librisxl |
| 887 ## - NON-MARC INFORMATION FIELD |
| Content of non-MARC field |
{"@id":"kztkgd3ph62p86pf","modified":"2021-07-08T13:13:55.412+02:00","checksum":"188648729772"} |
| Source of data |
librisxl |
| 887 ## - NON-MARC INFORMATION FIELD |
| Content of non-MARC field |
{"@id":"pt1m431v3x5wdj6","modified":"2014-02-12T08:05:54+01:00","checksum":"189113272994"} |
| Source of data |
librisxl |
| 887 ## - NON-MARC INFORMATION FIELD |
| Content of non-MARC field |
{"@id":"mr08t0zs31f85n8","modified":"2017-06-27T16:11:22+02:00","checksum":"191952693670"} |
| Source of data |
librisxl |
| 900 0s - EQUIVALENCE OR CROSS-REFERENCE-PERSONAL NAME [LOCAL, CANADA] |
| Linkage |
100 |
| Dates associated with a name |
1931- |
| Affiliation |
Munro, Alice, |
| Dates associated with a name |
1931- |
| 900 0s - EQUIVALENCE OR CROSS-REFERENCE-PERSONAL NAME [LOCAL, CANADA] |
| Linkage |
100 |
| Dates associated with a name |
1931- |
| Affiliation |
Munro, Alice, |
| Dates associated with a name |
1931- |
| 900 1s - EQUIVALENCE OR CROSS-REFERENCE-PERSONAL NAME [LOCAL, CANADA] |
| Linkage |
100 |
| Dates associated with a name |
1931- |
| Affiliation |
Munro, Alice, |
| Dates associated with a name |
1931- |
| 900 1s - EQUIVALENCE OR CROSS-REFERENCE-PERSONAL NAME [LOCAL, CANADA] |
| Linkage |
100 |
| Dates associated with a name |
1931- |
| Affiliation |
Munro, Alice, |
| Dates associated with a name |
1931- |
| 900 1s - EQUIVALENCE OR CROSS-REFERENCE-PERSONAL NAME [LOCAL, CANADA] |
| Linkage |
100 |
| Dates associated with a name |
1931 |
| Affiliation |
Munro, Alice, |
| Dates associated with a name |
1931- |
| 900 1s - EQUIVALENCE OR CROSS-REFERENCE-PERSONAL NAME [LOCAL, CANADA] |
| Linkage |
100 |
| Dates associated with a name |
1931 |
| Affiliation |
Munro, Alice, |
| Dates associated with a name |
1931- |
| 942 ## - ADDED ENTRY ELEMENTS (KOHA) |
| Source of classification or shelving scheme |
Other/Generic Classification Scheme |
| Koha item type |
Ljudbok |